000 00334nam a22001457a 4500
003 SGT
020 _a938426691-4
082 _a611
_bMAR
100 _aMARATHA, SUSHMA
245 _aHUMAN ANATOMY AND PHYSIOLOGY
260 _aINDIA
_bBIRLA PUB.
_c2025
300 _a72
650 _aHUMAN ANATOMY AND PHYSIOLOGY
942 _2ddc
_cBK
999 _c32928
_d32928